| 000 | 00389nam a2200145 4500 | ||
|---|---|---|---|
| 008 | 0 1962 0a 000 0MEX | ||
| 020 | _as/n | ||
| 050 | _aHD51.2 B3 | ||
| 082 | _a546 B133t | ||
| 100 | _aBargallo,Modesto | ||
| 245 | _aTratado de quimica inorganica / Modesto Bargallo. | ||
| 260 | _aMexico: Porrua | ||
| 300 | _axxiii, 1133p, 26cm | ||
| 650 | _a1. QUIMICA INORGANICA | ||
| 999 |
_c19685 _d19685 |
||